Jezsuita okmánytár I/2. Erdélyt és Magyarországot érintő iratok 1601-1606
Elmentve itt :
| Dokumentumtípus: | Könyv |
|---|---|
| Megjelent: |
1995
|
| Sorozat: | Adattár XVI-XVIII. századi szellemi mozgalmaink történetéhez
34 No. 2 |
| Online Access: | http://misc.bibl.u-szeged.hu/29017 |
| LEADER | 00587nam a2200157 i 4500 | ||
|---|---|---|---|
| 001 | misc29017 | ||
| 005 | 20191121111629.0 | ||
| 008 | 180103s1995 hu o 0|| zxx d | ||
| 020 | |a 963-482-089-1 | ||
| 022 | |a 0230-8495 | ||
| 040 | |a SZTE Miscellanea Repozitórium |b hun | ||
| 041 | |a zxx | ||
| 245 | 0 | 0 | |a Jezsuita okmánytár I/2. |h [elektronikus dokumentum] : |b Erdélyt és Magyarországot érintő iratok 1601-1606 |
| 260 | |c 1995 | ||
| 490 | 0 | |a Adattár XVI-XVIII. századi szellemi mozgalmaink történetéhez |v 34 No. 2 | |
| 856 | 4 | 0 | |u http://misc.bibl.u-szeged.hu/29017/1/ad_034_2.pdf |z Dokumentum-elérés |